Noms régionaux des villes françaises - Statistiques

Statistiques générales
  • Ce quiz a été pris 18 233 fois
  • Le résultat moyen est 13 sur 20
Statistiques - réponses
Nom régional Nom en français % Correct
Perpinyà Perpignan
99%
Baiona Bayonne
97%
Clarmont Clermont-Ferrand
97%
Tolosa Toulouse
97%
Aiacciu Ajaccio
96%
Bordèu Bordeaux
96%
Duunkerke Dunkerque
96%
Marselha Marseille
96%
Strossburi Strasbourg
91%
An Oriant Lorient
73%
Sin-Dni Saint-Denis (Réunion)
70%
Poetae/Poetié Poitiers
62%
Roazhon Rennes
61%
Èneci Annecy
55%
Saargemìnn Sarreguemines
28%
Fodfwans Fort-de-France
20%
Lapwent Pointe-à-Pitre
11%
Monbyai Montbéliard
8%
Lo Mont Mont-de-Marsan
8%
Diddenuewen Thionville
4%
Aucun quiz correspondant
Distribution des résultats
% des personnes avec chaque résultat
Percentile par nombre de réponses
Votre historique - résultats
Vous n’avez pas pris ce quiz